000 00670nam a2200181 a 4500
008 150512s2014 ||||||||||||||||| || u
020 _a9781452217802
050 _aHD 49 Coo
100 _aCoombs, Timothy W
245 1 0 _aApplied crisis communication and crisis management: cases and exercises
_cby W Timothy Coombs
260 _aLos Angeles
_bSAGE Publications
_c2014
300 _a245p.
350 _a65.00
650 0 _aMANAGEMENT
650 _aCRISIS MANAGEMENT
650 0 _aBUSINESS COMMUNICATION
995 _FCBU-MAIN LIBRARY (Kitwe)
_I65.00
_M1
_UAVAILABLE
_WMay 15, 2015
_ZMain Library Open Access Collection
999 _c34540
_d34540